Estructura de clases y cambio social
Kaydedildi:
| Yazar: | |
|---|---|
| Materyal Türü: | Kitap |
| Dil: | İspanyolca |
| Baskı/Yayın Bilgisi: |
Buenos Aires
Paidos
1964
|
| Seri Bilgileri: | Biblioteca de Psicología Social y Sociología, 14
|
| Konular: | |
| Etiketler: |
Etiketle
Etiket eklenmemiş, İlk siz ekleyin!
|
MARC
| LEADER | 00000nam a2200000 a 4500 | ||
|---|---|---|---|
| 001 | UCT5971 | ||
| 003 | CL-VaPUC | ||
| 008 | 961223e19640000AG |||||||||||||||||spa|d | ||
| 082 | 0 | 4 | |a 301 |b COS |2 21 |
| 100 | 0 | |a Costa Pinto, L. A |e author |9 375625 | |
| 245 | 1 | 0 | |a Estructura de clases y cambio social |
| 300 | |a 129 p | ||
| 942 | |c BK | ||
| 945 | |d 19961223 00:00:00 |a paguirre | ||
| 260 | |a Buenos Aires |b Paidos |c 1964 | ||
| 650 | 0 | |a Sociología |9 255410 | |
| 650 | 0 | |a Cambio social |9 256857 | |
| 650 | 0 | |a Procesos sociales |9 337802 | |
| 650 | 0 | |a Clases sociales |9 256858 | |
| 650 | 7 | |a ESTRUCTURA SOCIAL |2 CL-VaPUC |9 375626 | |
| 650 | 0 | |a Estratificación social |9 337692 | |
| 583 | |a last modification |c 19961223 00:00:00 |k Rodrigo Vera | ||
| 490 | 0 | |a Biblioteca de Psicología Social y Sociología, 14 | |
| 999 | |c 254737 |d 254735 | ||
| 952 | |0 0 |1 0 |4 0 |6 301_000000000000000_COS_1964 |7 0 |8 A |9 276605 |a BIBDER |b BIBDER |d 2019-11-19 |i 1956132 |o 301 COS 1964 |p 1956132 |r 2023-01-25 |w 2019-11-19 |y BK |k DER | ||
| 952 | |0 0 |1 0 |4 0 |6 301_000000000000000_COS_1964 |7 0 |8 A |9 276606 |a BIBDER |b BIBDER |d 2019-11-19 |i 1956280 |o 301 COS 1964 |p 1956280 |r 2023-01-25 |w 2019-11-19 |y BK |k DER | ||